000 00315nam a2200121Ia 4500
008 230907s9999||||xx |||||||||||||| ||und||
082 _a891.4392
_bJAN
245 0 _aگرد باد ; Gardbaad /
260 _aSang-e-Meel Publications,
_bLahore :
_c2013
300 _a248 p.
650 _aUrdu Literature
942 _cBK
999 _c601231
_d601231